000 01014nam a22002177a 4500
003 OSt
005 20160620110126.0
008 150408b xxu||||| |||| 00| 0 eng d
040 _cBMC
082 _a657
100 1 _934808
_aPérez Figueroa, Karen Vanessa
245 1 0 _aPasantía de asistente administrativo - contable en Morán Méndez y Asociados, S.A. de C.V.
_b: Informe final
_cKaren Vanessa Pérez Figueroa
260 _aSanta Ana (El Salvador)
_bUniversidad Católica de El Salvador
_c2009
300 _a1 v. (pág. var.)
_c28 cm
_e+1 disco compacto
500 _aPrecede al tít.: Universidad Católica de El Salvador, Facultad de Ciencias Empresariales
502 _aTrabajo de graduación para optar al grado académico de Licenciatura en Contaduría Pública
650 2 4 _9877
_aContabilidad
610 2 _91067
_aUniversidad Católica de El Salvador
_bFacultad de Ciencias Empresariales
710 2 _91067
_aUniversidad Católica de El Salvador
_bFacultad de Ciencias Empresariales
942 _2ddc
_cTG
999 _c21266
_d21266